Haltestellen der Leipziger Straßenbahn - Statistiken

Allgemein
  • Dieses Quiz wurde 70 mal gespielt
    69 seit der letzten Aktualisierung
  • Das Durchschnittsergebnis liegt bei 77 aus 239
Antwortstatistiken
Linie Antwort % Korrekt
1,3,4,7,10,11,12,14,15,16 Hauptbahnhof
95%
4,7,8,10,11,12,14,15,16 Augustusplatz
82%
7 Südstr.
80%
2,8,9,10,11,14 Wilhelm-Leuschner-Platz
75%
9,11 S-bf. Connewitz, Klemmstr.
70%
1,3,4,7,9,14 Goerdelerring
68%
16 S-Bf. Messe
68%
3,4,7,8,15 Waldplatz
66%
1,2,3 Adler
64%
9 Mockau, Kirche
64%
4 Riebeck-/ Oststr.
64%
1,2,8,14 Westplatz
64%
4 Gohlis, Landsberger Str.
61%
2 Grünau-Süd
61%
3,7,8,15 Angerbrücke, Strbf.
59%
4,7,12,15 Johannisplatz
59%
3 Knautkleeberg
59%
8,15 Lindenau, Bushof
59%
3,7,8,15 Sportforum Süd
59%
10,11 Wahren
59%
1,9 Mockau, Post
57%
8 Grünau-Nord
57%
15 Miltitz
57%
14 S-Bf. Plagwitz
57%
1,3,8 H.-Liebmann-/Eisenbahnstr.
55%
1 Lausen
55%
15 Meusdorf
55%
2,8,9,14 Neues Rathaus
55%
3E,7,8 Paunsdorf-Nord
55%
9,10,11 R.-Lehmann-Str., HTWK
55%
2,9,16 Roßplatz
55%
14 Alte Str.
52%
9,10,11 Connewitzer Kreuz
52%
10,11 Hohe Str.
52%
10,11 K.Liebknecht-/ K.-Eisner-Str.
52%
4,7 Reudnitz, Koehlerstr.
52%
3E,7,8 Sommerfeld
52%
4 Stötteritz, Holzhäuser Str.
52%
9 Thekla, Tauchaer Str.
52%
15 Völkerschlachtdenkmal
52%
2,9,16 Bayerischer Bahnhof
50%
7 Böhlitz-Ehrenberg, Burghausener Str.
50%
3,14 Felsenkeller
50%
10,16 Lößnig
50%
7 S-Bf. Leutzsch
50%
10,11 S-Bf. Möckern
50%
1,2 Schönauer/ Ratzelstr.
50%
10,11 Südplatz
50%
12 Zoo
50%
9 A.-Hoffmann-/ R.-Lehmann-Str.
48%
12 Gohlis-Nord, Virchowstr.
48%
4,10,11 G.-Schumann-/ Lindenthaler Str.
48%
7,8,15 Lindenauer Markt
48%
3E,7,8 Paunsdorf Center
48%
11 Schkeuditz, Gartenstadt
48%
11 Schkeuditz, Rathausplatz
48%
1 Stannebeinplatz
48%
12 Virchow-/ Coppistr.
48%
1,2 Klingerweg
45%
1 Schönefeld, Volbedingstr.
45%
1,14 Gottschedstr.
45%
10,11,12 G.-Schumann-/ Lützowstr.
45%
9 K.-Eisner-/ A.-Hoffmann-Str.
45%
3,4,7,8,15 Leibnizstr.
45%
11 Markkleeberg-Ost, Schillerplatz
45%
1,2,14 Marschnerstr.
45%
10,11 Münzgasse, LVZ
45%
(12),15 Technisches Rathaus
45%
4 Breite Str.
43%
4 Feuerbachstr.
43%
14 K.-Heine-/ Merseburger Str.
43%
16 Messegelände
43%
2,15 Naunhofer Straße
43%
(12),15 Ostplatz
43%
3 Permoser-/ Torgauer Str.
43%
4 Riebeck-/ Stötteritzer Str.
43%
9,10,11 W.-Liebknecht-Platz
43%
4 Am Mückenschlösschen
41%
11 Dölitz, Strbf.
41%
7 G.-Schwarz-/ Merseburger Str.
41%
1,2 Antonien-/Gießerstr.
39%
1,3,8 Einertstr.
39%
4,7 Gerichtsweg
39%
2,9,16 Härtelstr.
39%
12 Nordplatz
39%
16 R.-Lehmann-/ Zwickauer Str.
39%
16 Wiederitzsch-Mitte
39%
2,15 Altes Messegelände
36%
10 A.-Nietzsche-/ A.-Hoffmann-Str.
36%
10,11 Chauseehaus
36%
16 Eutritzscher Markt
36%
9 Hbf., Westseite
36%
3 Heiterblick, Teslastr.
36%
4 Landsberger/M.-Liebermann-Str.
36%
8,15 Lützner/ Merseburger Str.
36%
15 Probstheida
36%
1,2 Ratzelbogen
36%
10,11 Am Viadukt
34%
1,2 Rödelstr.
34%
1,3,8 Hofmeisterstr.
34%
4 Menckestr.
34%
9 Thomaskirche
34%
10,16 An der Märchenwiese
32%
2,16 Johannisallee
32%
14 K.-Heine-/ Gießerstr.
32%
1,9 Mockauer/Volbedingstr.
32%
10,16 Moritz Hof
32%
7 Rathaus Leutzsch
32%
9 Apelstr., Historischer Strbf.
30%
1,2 Diezmannstr.
30%
16 Eutritzscher Zentrum
30%
11 Lützschena
30%
3 Markranstädter Str.
30%
10,11 Möckernscher Markt
30%
14 Nonnenstr.
30%
4 S-Bf. Coppiplatz
30%
4 S-Bf. Stötteritz
30%
8,15 Schönauer Ring
30%
7,8 Sellerhausen, Emmausstr.
30%
3,(7),8 Torgauer Platz
30%
16 An den Tierkliniken
27%
10,11 Annaberger Str.
27%
10,11 Dantestr.
27%
1,2 Holbeinstr.
27%
1 Zschampertaue
27%
3 Elster Passage
27%
3 Großzschocher, G.-Ellrodt-Str.
27%
9,11 Hildebrandstr.
27%
16 Klinikum St. Georg
27%
12 Lortzingstr.
27%
15 Saturnstr.
27%
3 Taucha, An der Bürgerruhe
27%
1,2 Stieglitzstr.
25%
(12),15 Gutenbergplatz
25%
9 Hamburger Str.
25%
15 Jupiterstr.
25%
3 Kleinzschocher, Kötzschauer Str.
25%
11 Pittlerstr.
25%
15 Prager/ Russenstr.
25%
1 Rathaus Schönefeld
25%
8,15 Saarländer Str.
25%
1,2 Stuttgarter Allee
25%
10,16 Triftweg
25%
4 Viertelsweg
25%
4 Weißestr.
25%
7 Wiebelstr.
25%
7,8 Am Vorwerk
23%
1,2 H.-Meyer-Str.
23%
1 Krakauer Str.
23%
11 Hänichen, Bismarckturm
23%
8,15 Henriettenstr.
23%
16 Hornbach Baumarkt
23%
1,2 Kurt-Kresse-Str
23%
10 Meusdorfer Str.
23%
4 Rathaus Stötteritz
23%
12 S-Bf. Gohlis
23%
11 Stahmeln
23%
4 Stallbaumstr.
23%
9 Steinplatz
23%
10,11 Wiederitzscher Str.
23%
7,8 Annenstr.
20%
3 Arcus Park
20%
3 Bautzner Str.
20%
4 Beyerleinstr.
20%
8,15 Credéstr.
20%
16 Delitzscher/ Essener Str.
20%
2,16 Dt. Nationalbibliothek
20%
3E,7,8 Hermelinstr.
20%
15 Kiewer Str.
20%
1 Löbauer Str.
20%
16 Mosenthinstr.
20%
16 Wilhelminenstr.
20%
(12),15 Witzgallstr.
20%
11 Altscherbitz
18%
7 Edlichstr.
18%
12 Springerstr.
18%
15 Südfriedhof
18%
7,8 Th.-Heuss-Str.
18%
10 Wiedebachplatz
18%
7 Wielandstr.
18%
9 Wittenberger Str.
18%
3 Arthur-Nagel-Str.
16%
12 Baaderstr.
16%
7,8 Barbarastr.
16%
4 Breslauer Str.
16%
7 Forstweg
16%
8,15 Grünauer Allee
16%
3 Huttenstr.
16%
4 Kolmstr.
16%
3E,7,8 Paundorfer Allee/ Permoserstr.
16%
7,8 Paunsdorf, Strbf
16%
15 Plovdiver Str.
16%
11 Stahmelner Allee
16%
9,11 Stockartstr.
16%
3 Wasserwerk Windorf
16%
7,8 Ahornstr.
14%
3 Albersdorfer Str.
14%
15 Am Kirschberg
14%
16 Dachauer Str.
14%
1,9 Döringstr.
14%
15 Franzosenallee
14%
(7),8 Geißlerstr., Bülowviertel
14%
3 Hohentichelnstr.
14%
9 Körnerstr.
14%
3 Kunzestr.
14%
1 Ossietzky-/Gorkistr.
14%
7,8 Ostheimstr.
14%
7 Ph.-Reis-Str.
14%
11 Raschwitzer Str.
14%
3 Schwartzestr.
14%
3 Seumestr.
14%
9 S.-Lampel-Str.
14%
1 Stöckelstr.
14%
3 Volksgarten
14%
7 Barnecker Str.
11%
7 Diakonissenstr.
11%
11 Friederikenstr.
11%
16 G.-Herwegh-Str.
11%
12 Gottschallstr.
11%
11 Leinestr.
11%
7 L.-Jahn-Str.
11%
8,15 Parkallee
11%
7 Pfingstweide
11%
3 Schwantesstr.
11%
1,9 Friedrichshafner Str.
9%
3 Fortunabadstr.
9%
12 Fritz-Seger-Str.
9%
1,3,8 Fr.-List-Platz
9%
3E Heisenbergstr.
9%
11 Modelwitz
9%
11 Paetzstr.
9%
3 Portizer Allee, S-Bf. Heiterblick
7%
15 Roseggerstr.
7%
3 Taucha, O.-Schmidt- Str.
7%
11 Am Eichwinkel
5%
11 Freirodaer Weg
5%
3 Freiligrathstr.
2%
11 Markkl., Virchowstr.
0%
3 Th.-Körner-Str.
0%
Keine übereinstimmenden Quizze gefunden
Verteilung der Resultate
Anzahl Personen mit jedem Resultat
Perzentil nach korrekt beantworteten Fragen
Ihre Resultats-Entwicklung
Sie haben dieses Quiz seit der letzten Aktualisierung nicht gespielt